000 00632nam a2200205Ia 4500
003 IN-BaIIA
008 211028s9999 xx 000 0 eng d
040 _cIIA Library
080 _a629.19
_bSCH
245 0 _aBioastronautics
_cedited by Karl E. Schaefer
260 _aNew York
_bMacmillan
_c1964
300 _aviii, 406p.
500 _aElectronic reproduction. [S.l.] : HathiTrust Digital Library, 2010. MiAaHDL
650 _aAstronomy and Astrophysics Thesaurus
650 _aBioastronautics
_94692
650 _aSpace biology.
_94693
650 _aSpace Flight.
_93424
700 _aSchaefer, E. Karl ed.
_94694
942 _cBK
999 _c2635
_d2635